<?xml version="1.0" encoding="UTF-8"?>
<resp>
  <nextPage>https://data.bn.org.pl/api/networks/bibs.marcxml?marc=001+b00001150003943&amp;sinceId=1150003944</nextPage>
  <collection>
    <record xmlns='http://www.loc.gov/MARC21/slim'><leader>00842namZa2200265ZiZ4500</leader><controlfield tag='001'>b00001150003943</controlfield><controlfield tag='005'>20241203215724.4</controlfield><controlfield tag='008'>230609s        pl           |000 0 pol c</controlfield><controlfield tag='009'>9913261106005606</controlfield><datafield ind1=' ' ind2=' ' tag='035'><subfield code='a'>(PL)b00001150003943</subfield></datafield><datafield ind1=' ' ind2=' ' tag='035'><subfield code='a'>KR_1_20120317233603021191</subfield><subfield code='9'>ExL</subfield></datafield><datafield ind1=' ' ind2=' ' tag='035'><subfield code='a'>KR_1KR_1_20120317233603021191-48omnis_kr</subfield></datafield><datafield ind1=' ' ind2=' ' tag='040'><subfield code='a'>KR_1</subfield><subfield code='c'>KR_1</subfield></datafield><datafield ind1='0' ind2=' ' tag='041'><subfield code='a'>pol</subfield></datafield><datafield ind1='1' ind2=' ' tag='100'><subfield code='a'>Orzeszkowa, Eliza</subfield></datafield><datafield ind1='1' ind2='0' tag='245'><subfield code='a'>Zygmunt Ławicz i jego koledzy /</subfield><subfield code='c'>Eliza Orzeszkowa.</subfield></datafield><datafield ind1=' ' ind2=' ' tag='260'><subfield code='a'>W-wa :</subfield><subfield code='b'>&quot;Czytelnik&quot;,</subfield><subfield code='c'>1957.</subfield></datafield><datafield ind1=' ' ind2=' ' tag='300'><subfield code='a'>202 s. ;</subfield><subfield code='c'>21 cm</subfield></datafield><datafield ind1='1' ind2=' ' tag='490'><subfield code='a'>Dzieła Wybrane / Eliza Orzeszkowa. ;</subfield><subfield code='v'>T.3.</subfield></datafield><datafield ind1=' ' ind2=' ' tag='500'><subfield code='a'>p</subfield></datafield><datafield ind1=' ' ind2=' ' tag='502'><subfield code='a'>Tekst wg Dzieł wybranych Elizy Orzeszkowej, Czytelnik 1954.</subfield></datafield><datafield ind1=' ' ind2=' ' tag='852'><subfield code='b'>48OMNIS_NETWORK</subfield><subfield code='8'>9913261106005606</subfield></datafield><datafield ind1=' ' ind2=' ' tag='852'><subfield code='b'>48OMNIS_KR</subfield><subfield code='8'>991000039419708216</subfield></datafield></record>
  </collection>
</resp>
